Normal view
MARC view
Entry Topical Term
001 - CONTROL NUMBER
- control field: 36818
003 - CONTROL NUMBER IDENTIFIER
- control field: OSt
005 - DATE AND TIME OF LATEST TRANSACTION
- control field: 20230313111140.0
008 - FIXED-LENGTH DATA ELEMENTS
- fixed length control field: 230313|| aca||aabn | a|a d
040 ## - CATALOGING SOURCE
- Original cataloging agency: OSt
- Transcribing agency: OSt
150 ## - HEADING--TOPICAL TERM
- Topical term or geographic name entry element: Artificial intelligence, project management, Delphi study.
670 ## - SOURCE DATA FOUND
- Source citation: Work cat.: (OSt): Holzmann, V. Zitter, D. and Peshkess, S. 36817, The expectations of project managers from artificial intelligence: A Delphi study
